000 00558nam a2200193Ia 4500
005 20250508150906.0
008 008 250505s9999 xx 000 0 eng d
037 _aTextual
040 _aFEDL
_beng
_cFEDL
041 _aeng
_2eng
084 _a379.54, BAS
_qFEDL
100 _aBasu Anathnath
_9641477
245 0 _aEducation and the draft constitution of India
260 _aCalcutta, India
_bIndian Associate Publishing Co Ltd
_c1948
300 _a24p
365 _aINR
_b1
942 _cTEXL
_h379.54, BAS
999 _c1326335
_d1326335